[Event "British Columbia op"]
[Site "Richmond CAN"]
[Date "2022.02.21"]
[Round "5.5"]
[White "Albitar, Hani"]
[Black "Roback, Joe"]
[Result "1-0"]
[WhiteElo "2249"]
[BlackElo "2014"]
[PlyCount "59"]
[EventDate "2022.02.19"]
[EventType "swiss"]
[EventRounds "6"]
[EventCountry "CAN"]

1. d4 d5 2. c4 c6 3. cxd5 cxd5 4. Bf4 Nc6 5. e3 Nf6 6. Nc3 a6 7. Be2 Bf5 8. Nf3
h6 9. O-O Rc8 10. Rc1 b5 11. a4 b4 12. Nb1 Qb6 13. Nbd2 g5 14. Bg3 Bg7 15. Nb3
Ne4 16. Nc5 a5 17. Ba6 Rd8 18. Bb5 Rc8 19. Ba6 Rd8 20. Bb5 Rc8 21. Nxe4 Bxe4
22. Nd2 Bg6 23. Qf3 O-O 24. Qxd5 Na7 25. Be2 Bc2 26. Nc4 Qg6 27. Qxa5 Nc6 28.
Qb6 Bxa4 29. d5 Nb8 30. Qxb4 1-0

[Event "British Columbia op"]
[Site "Richmond CAN"]
[Date "2022.02.21"]
[Round "5.6"]
[White "Yang, Brian"]
[Black "Mohammed Qanee, Arpak Worya"]
[Result "1/2-1/2"]
[WhiteElo "2056"]
[BlackElo "2188"]
[PlyCount "109"]
[EventDate "2022.02.19"]
[EventType "swiss"]
[EventRounds "6"]
[EventCountry "CAN"]

1. e4 c5 2. Nf3 Nc6 3. d4 cxd4 4. Nxd4 e5 5. Nb5 d6 6. N1c3 a6 7. Na3 b5 8. Nd5
Nf6 9. c4 b4 10. Nc2 Rb8 11. Bd3 Be7 12. O-O O-O 13. b3 Nd7 14. g3 Nc5 15. f4
f5 16. exf5 Nxd3 17. Qxd3 Bxf5 18. Qe2 Qd7 19. Nxe7+ Qxe7 20. Qg2 Bxc2 21. Qxc2
Qa7+ 22. Qf2 Qxf2+ 23. Rxf2 Rbe8 24. Bb2 exf4 25. gxf4 Ne7 26. Re1 Nf5 27. Rfe2
Rxe2 28. Rxe2 Kf7 29. Kf2 g6 30. Kf3 a5 31. Rd2 Re8 32. Bd4 a4 33. Bb6 Ra8 34.
c5 axb3 35. axb3 dxc5 36. Bxc5 Ra3 37. Rd3 Ke6 38. Bxb4 Rxb3 39. Rxb3 Nd4+ 40.
Kg4 Nxb3 41. Kg5 Nd4 42. Kh6 Kf5 43. Bd6 Nf3 44. h3 Ng1 45. h4 Nf3 46. h5 Nd4
47. hxg6 hxg6 48. Be5 Ne6 49. Bd6 Nd8 50. Bc7 Nc6 51. Bd6 Kf6 52. Be5+ Kf5 53.
Bd6 Nd4 54. Be5 Nf3 55. Bd6 1/2-1/2

[Event "British Columbia op"]
[Site "Richmond CAN"]
[Date "2022.02.21"]
[Round "5.8"]
[White "Taylor, Tristan"]
[Black "Pitre, Hanniegn"]
[Result "1-0"]
[WhiteElo "1999"]
[BlackElo "1869"]
[PlyCount "77"]
[EventDate "2022.02.19"]
[EventType "swiss"]
[EventRounds "6"]
[EventCountry "CAN"]

1. e4 d5 2. exd5 Nf6 3. Nf3 Qxd5 4. Nc3 Qd6 5. d4 a6 6. g3 Bg4 7. Bg2 e6 8. O-O
Be7 9. Bf4 Qb6 10. h3 Bh5 11. g4 Bg6 12. Ne5 Bd6 13. Na4 Qa7 14. c4 b5 15. cxb5
Bxe5 16. Bxe5 axb5 17. Nc5 c6 18. Bxb8 Rxb8 19. Bxc6+ Ke7 20. Qb3 b4 21. Rfe1
Rhc8 22. Bg2 Kf8 23. Rac1 Qe7 24. Rc4 h5 25. g5 Nh7 26. h4 Nxg5 27. hxg5 Qxg5
28. Nd7+ Kg8 29. Nxb8 Rxb8 30. Rxb4 Rxb4 31. Qxb4 h4 32. Re3 Bf5 33. Kf1 Qf4
34. Qc5 g5 35. Qe5 h3 36. Bxh3 Bxh3+ 37. Rxh3 Qc1+ 38. Kg2 Qc6+ 39. Kh2 1-0

[Event "British Columbia op"]
[Site "Richmond CAN"]
[Date "2022.02.21"]
[Round "5.9"]
[White "Taylor, Ashton"]
[Black "Tang, Edward"]
[Result "1/2-1/2"]
[WhiteElo "1806"]
[BlackElo "1964"]
[PlyCount "60"]
[EventDate "2022.02.19"]
[EventType "swiss"]
[EventRounds "6"]
[EventCountry "CAN"]

1. e4 e6 2. d4 d5 3. exd5 exd5 4. Bd3 Bd6 5. Ne2 Nf6 6. Bf4 Bg4 7. f3 Bh5 8.
O-O Bg6 9. Bxd6 Qxd6 10. Re1 O-O 11. Bxg6 hxg6 12. c3 c5 13. dxc5 Qxc5+ 14. Nd4
Nc6 15. Kh1 Rfe8 16. Nb3 Qf2 17. N1d2 d4 18. cxd4 Rad8 19. d5 Rxe1+ 20. Qxe1
Qxe1+ 21. Rxe1 Rxd5 22. Kg1 Kf8 23. Kf2 Nb4 24. Rb1 g5 25. a3 Nd3+ 26. Ke3 Nf4
27. g3 Rd3+ 28. Kf2 Ne6 29. Ke2 Rd8 30. Rc1 Re8 1/2-1/2

[Event "British Columbia op"]
[Site "Richmond CAN"]
[Date "2022.02.21"]
[Round "5.10"]
[White "Xu, Andrew"]
[Black "Jiang, Kate"]
[Result "0-1"]
[WhiteElo "1727"]
[BlackElo "1877"]
[PlyCount "54"]
[EventDate "2022.02.19"]
[EventType "swiss"]
[EventRounds "6"]
[EventCountry "CAN"]

1. e4 e5 2. Nf3 Nc6 3. Bb5 a6 4. Ba4 Nf6 5. O-O Be7 6. Qe2 b5 7. Bb3 d6 8. h3
O-O 9. c3 Bb7 10. Rd1 Re8 11. Ng5 d5 12. exd5 Na5 13. c4 bxc4 14. Bxc4 Nxc4 15.
Qxc4 Nxd5 16. Nf3 Bd6 17. d4 e4 18. Nh2 Bf4 19. Nc3 e3 20. fxe3 Bxe3+ 21. Kh1
Bxc1 22. Nxd5 Bxd5 23. Qxc1 Bxg2+ 24. Kxg2 Re2+ 25. Kf1 Rxh2 26. Qe3 Qd5 27.
Qg1 Qf3+ 0-1

[Event "British Columbia op"]
[Site "Richmond CAN"]
[Date "2022.02.21"]
[Round "6.1"]
[White "MacKinnon, Keith"]
[Black "Kenney, Jason"]
[Result "1-0"]
[WhiteElo "2284"]
[BlackElo "2285"]
[PlyCount "61"]
[EventDate "2022.02.19"]
[EventType "swiss"]
[EventRounds "6"]
[EventCountry "CAN"]

1. c4 Nf6 2. Nc3 g6 3. Nf3 Bg7 4. e4 d6 5. d4 O-O 6. h3 e5 7. d5 a5 8. g4 Na6
9. Be3 Nd7 10. Qd2 Ndc5 11. Bh6 Qf6 12. Bxg7 Kxg7 13. Qe3 a4 14. O-O-O a3 15.
b3 Nb4 16. Be2 Bd7 17. Rhg1 Rfe8 18. Ne1 c6 19. Nc2 Nxc2 20. Kxc2 Na6 21. g5
Qe7 22. Bg4 h5 23. gxh6+ Kh7 24. Bxd7 Qxd7 25. h4 Rg8 26. dxc6 bxc6 27. c5 d5
28. exd5 Qf5+ 29. Kc1 Nb4 30. Rd2 cxd5 31. Nxd5 1-0

[Event "British Columbia op"]
[Site "Richmond CAN"]
[Date "2022.02.21"]
[Round "6.2"]
[White "Lee, Vicente jr."]
[Black "Cummings, David"]
[Result "1/2-1/2"]
[WhiteElo "2307"]
[BlackElo "2405"]
[PlyCount "49"]
[EventDate "2022.02.19"]
[EventType "swiss"]
[EventRounds "6"]
[EventCountry "CAN"]

1. d4 Nf6 2. c4 e6 3. Nc3 Bb4 4. e3 O-O 5. Bd3 d5 6. Nf3 c5 7. O-O dxc4 8. Bxc4
Nc6 9. a3 Ba5 10. Ne2 cxd4 11. exd4 Ne7 12. Bg5 Nf5 13. Rc1 h6 14. Bf4 Nd5 15.
Be5 Bd7 16. Ng3 Nxg3 17. Bxg3 Rc8 18. Qe2 Bc7 19. Ne5 Be8 20. Rfd1 Bd6 21. Nf3
Ba4 22. Rf1 Bc6 23. Rfd1 Ba4 24. Rf1 Bc6 25. Rfd1 1/2-1/2

[Event "British Columbia op"]
[Site "Richmond CAN"]
[Date "2022.02.21"]
[Round "6.3"]
[White "Shinn, Jungmin"]
[Black "Trenton, Isaac"]
[Result "1-0"]
[WhiteElo "1972"]
[BlackElo "1732"]
[PlyCount "95"]
[EventDate "2022.02.19"]
[EventType "swiss"]
[EventRounds "6"]
[EventCountry "CAN"]

1. d4 Nf6 2. c4 g6 3. Nf3 Bg7 4. Nc3 d5 5. Bf4 c6 6. e3 O-O 7. h3 Qa5 8. Qd2 h6
9. Be2 Be6 10. b3 Nbd7 11. O-O Kh8 12. Rfc1 Nb6 13. a4 dxc4 14. b4 Qa6 15. e4
Kh7 16. Ne5 Nfd7 17. a5 Nc8 18. Nxd7 Bxd7 19. Na4 Be6 20. Nc5 Qb5 21. Nxe6 fxe6
22. Rxc4 c5 23. Rxc5 Qd7 24. Rd1 Nd6 25. Bf3 Rac8 26. Be5 Nb5 27. Bxg7 Kxg7 28.
Bg4 Nd6 29. d5 Rxc5 30. Qd4+ Kh7 31. bxc5 Nf7 32. Bxe6 Qc7 33. d6 exd6 34. cxd6
Qxa5 35. Bxf7 Rxf7 36. e5 Qd8 37. e6 Rg7 38. e7 Qd7 39. Re1 Rg8 40. Qf6 Qe8 41.
d7 Qxd7 42. Qf7+ Rg7 43. Qxg7+ Kxg7 44. e8=Q Qd2 45. Re7+ Kf6 46. Re6+ Kg5 47.
Qxg6+ Kh4 48. Qg4# 1-0

[Event "British Columbia op"]
[Site "Richmond CAN"]
[Date "2022.02.21"]
[Round "6.4"]
[White "Mohammed Qanee, Arpak Worya"]
[Black "Albitar, Hani"]
[Result "0-1"]
[WhiteElo "2188"]
[BlackElo "2249"]
[PlyCount "128"]
[EventDate "2022.02.19"]
[EventType "swiss"]
[EventRounds "6"]
[EventCountry "CAN"]

1. d4 Nf6 2. Bg5 d5 3. e3 c5 4. Bxf6 gxf6 5. dxc5 e6 6. Nd2 Bxc5 7. Nb3 Be7 8.
Qh5 Nc6 9. O-O-O Bd7 10. Nf3 Rc8 11. Kb1 f5 12. g4 fxg4 13. Qxg4 h5 14. Qf4 Qc7
15. Qxc7 Rxc7 16. Rg1 Bf6 17. Be2 Ne7 18. Nfd4 a6 19. f4 Nc8 20. Nf3 Nd6 21.
Nbd4 Ke7 22. Rg2 b5 23. Ne5 Rcc8 24. Rdg1 Rcf8 25. Bd3 Be8 26. b3 Kd8 27. Kb2
Kc7 28. c3 Kb6 29. Kc2 Nb7 30. Kd2 Nc5 31. Ke2 Kc7 32. Bc2 Kd6 33. Ndf3 Bc6 34.
Nxc6 Kxc6 35. Nd4+ Kd7 36. b4 Nb7 37. a4 Nd6 38. axb5 axb5 39. Bd3 Rb8 40. Ra1
Bxd4 41. exd4 Ra8 42. Rgg1 Ra4 43. Rxa4 bxa4 44. Ra1 Ra8 45. Ra3 Kc6 46. Kf3
Nb5 47. Bxb5+ Kxb5 48. f5 Rg8 49. fxe6 fxe6 50. Kf4 Rg2 51. Ke5 Re2+ 52. Kd6 h4
53. h3 Rb2 54. Kxe6 Rb3 55. Ra1 Rxc3 56. Kxd5 Rxh3 57. Rc1 a3 58. Rc8 Kxb4 59.
Ra8 Rd3 60. Rb8+ Kc3 61. Rc8+ Kb2 62. Ke4 Rc3 63. Rb8+ Rb3 64. Rf8 a2 0-1

[Event "British Columbia op"]
[Site "Richmond CAN"]
[Date "2022.02.21"]
[Round "6.5"]
[White "Jiang, Kate"]
[Black "Lin, Leo"]
[Result "1-0"]
[WhiteElo "1877"]
[BlackElo "2103"]
[PlyCount "135"]
[EventDate "2022.02.19"]
[EventType "swiss"]
[EventRounds "6"]
[EventCountry "CAN"]

1. e4 c5 2. c3 d5 3. exd5 Qxd5 4. d4 e6 5. Nf3 Nc6 6. Be2 Nf6 7. O-O Be7 8. Bf4
O-O 9. Ne5 cxd4 10. Bf3 Qc5 11. Nxc6 bxc6 12. cxd4 Qb6 13. Qd2 Nd5 14. Be5 Ba6
15. Rd1 Rfd8 16. a3 Rac8 17. Nc3 h6 18. Qc2 Rd7 19. Na4 Qb5 20. Nc5 Bxc5 21.
dxc5 Rb7 22. Be4 f6 23. b4 Qc4 24. Bd6 Qxc2 25. Bxc2 Bc4 26. Rd4 Bb5 27. Re1
Kf7 28. g4 a5 29. Rxe6 axb4 30. axb4 Ba4 31. Re2 Rd8 32. Bf5 Bb5 33. Be6+ Kg6
34. Re1 Nc3 35. Kg2 Kh7 36. h4 Kh8 37. g5 Re8 38. Re3 Ba4 39. Rxc3 Rxe6 40. g6
Bb5 41. Bf4 Re8 42. Ra3 Rbe7 43. Ra1 Be2 44. f3 Bb5 45. Kg3 h5 46. Rad1 Ba4 47.
R1d2 Bb3 48. Rd6 Bd5 49. b5 Rc8 50. R6xd5 cxd5 51. Rxd5 Re1 52. b6 Rb1 53. Rd7
Rb5 54. b7 Rbxc5 55. bxc8=Q+ Rxc8 56. Rd5 Kg8 57. Rxh5 Rd8 58. Rb5 f5 59. Rb8
Rxb8 60. Bxb8 f4+ 61. Kxf4 Kh8 62. Kg5 Kg8 63. h5 Kh8 64. h6 Kg8 65. hxg7 Kxg7
66. Be5+ Kg8 67. Kh6 Kf8 68. Kh7 1-0

[Event "British Columbia op"]
[Site "Richmond CAN"]
[Date "2022.02.21"]
[Round "6.6"]
[White "McLaren, Brian"]
[Black "Taylor, Tristan"]
[Result "1/2-1/2"]
[WhiteElo "2089"]
[BlackElo "1999"]
[PlyCount "90"]
[EventDate "2022.02.19"]
[EventType "swiss"]
[EventRounds "6"]
[EventCountry "CAN"]

1. Nf3 Nf6 2. g3 d5 3. Bg2 e6 4. d3 c5 5. Nbd2 Nc6 6. e4 Be7 7. O-O Qc7 8. Re1
O-O 9. Qe2 dxe4 10. dxe4 e5 11. c3 Rb8 12. Nf1 Be6 13. Ng5 Nd8 14. Nxe6 Nxe6
15. Ne3 Rfe8 16. Nd5 Qc8 17. a4 Nc7 18. Be3 Ncxd5 19. exd5 h6 20. a5 Bd6 21.
Qd2 Qg4 22. b3 Qg6 23. f3 Rbd8 24. c4 Nh5 25. Qf2 Rc8 26. b4 b6 27. axb6 axb6
28. b5 f5 29. Qc2 Qf7 30. Bf2 g6 31. Ra6 Rb8 32. Rea1 Nf6 33. R1a3 e4 34. f4
Ng4 35. Be1 g5 36. h3 Nf6 37. Bd2 Qh5 38. Qc1 gxf4 39. Bxf4 Bxf4 40. Qxf4 Qg5
41. h4 Qxf4 42. gxf4 Nh5 43. Bh3 Rf8 44. Ra7 Nxf4 45. Kf1 Nd3 1/2-1/2

[Event "British Columbia op"]
[Site "Richmond CAN"]
[Date "2022.02.21"]
[Round "6.7"]
[White "Yang, Jingyun (Ryan)"]
[Black "Yang, Brian"]
[Result "0-1"]
[WhiteElo "1812"]
[BlackElo "2056"]
[PlyCount "136"]
[EventDate "2022.02.19"]
[EventType "swiss"]
[EventRounds "6"]
[EventCountry "CAN"]

1. g3 c5 2. Bg2 Nc6 3. Nf3 g6 4. O-O Bg7 5. c3 e5 6. e4 Nge7 7. Re1 O-O 8. d3
d6 9. Be3 h6 10. Qd2 Kh7 11. d4 exd4 12. cxd4 d5 13. exd5 Nxd5 14. Rd1 Bg4 15.
Nc3 Nxe3 16. fxe3 cxd4 17. exd4 Bxf3 18. Bxf3 Nxd4 19. Bg2 Qb6 20. Kh1 Rae8 21.
Nd5 Qd6 22. Qc3 Rc8 23. Qa5 Rc5 24. Qd2 Rxd5 25. Bxd5 Qxd5+ 26. Qg2 Qxg2+ 27.
Kxg2 Rc8 28. Rac1 Rxc1 29. Rxc1 Be5 30. b3 Kg7 31. Rc5 f6 32. Rd5 b5 33. Rd7+
Kf8 34. Rxa7 b4 35. Kf1 h5 36. Rb7 Bd6 37. Rd7 Nb5 38. Ke2 Be7 39. Rd2 Bd6 40.
Kd3 Ke7 41. Kc4 Nc7 42. Rf2 f5 43. Rd2 Ne6 44. Kd5 Ng5 45. Kc6 Ne4 46. Re2 Kf6
47. Re1 Kg5 48. Kd5 Kg4 49. Kd4 h4 50. gxh4 Kxh4 51. Ke3 Bxh2 52. Kf3 Bd6 53.
Kg2 Kg4 54. Re3 Kf4 55. Rf3+ Ke5 56. Rd3 g5 57. Rh3 g4 58. Rh8 f4 59. Kf1 f3
60. Re8+ Kd4 61. Rc8 Ke3 62. a4 bxa3 63. b4 a2 64. Ra8 Nd2+ 65. Ke1 f2+ 66. Kd1
f1=Q+ 67. Kc2 Qd3+ 68. Kd1 Qb1# 0-1

[Event "British Columbia op"]
[Site "Richmond CAN"]
[Date "2022.02.21"]
[Round "6.8"]
[White "Roback, Joe"]
[Black "Su, Ethan"]
[Result "0-1"]
[WhiteElo "2014"]
[BlackElo "1943"]
[PlyCount "70"]
[EventDate "2022.02.19"]
[EventType "swiss"]
[EventRounds "6"]
[EventCountry "CAN"]

1. e4 c5 2. Nf3 e6 3. d4 cxd4 4. Nxd4 a6 5. Bd3 Qc7 6. Qe2 Nf6 7. O-O d6 8. c4
Nbd7 9. f4 b6 10. Nc3 Bb7 11. Bd2 Be7 12. Rae1 Nc5 13. Bc2 O-O 14. Rf3 e5 15.
Nf5 Rfe8 16. fxe5 dxe5 17. Bg5 Ne6 18. Rg3 Kh8 19. Bxf6 Bxf6 20. Nd5 Bxd5 21.
exd5 Nf4 22. Qe4 g6 23. Rg4 h5 24. Rg3 Qd7 25. Ne3 Bh4 26. Nf1 Qf5 27. Ree3
Qxe4 28. Rxe4 f5 29. Ree3 e4 30. b4 Rac8 31. Bb3 Bxg3 32. hxg3 Nd3 33. a3 a5
34. b5 a4 35. Ba2 Ne5 0-1

[Event "British Columbia op"]
[Site "Richmond CAN"]
[Date "2022.02.21"]
[Round "6.9"]
[White "Verdon, Norman"]
[Black "Taylor, Ashton"]
[Result "1/2-1/2"]
[WhiteElo "2011"]
[BlackElo "1806"]
[PlyCount "62"]
[EventDate "2022.02.19"]
[EventType "swiss"]
[EventRounds "6"]
[EventCountry "CAN"]

1. d4 d5 2. c4 dxc4 3. e3 c5 4. Bxc4 cxd4 5. Nf3 Nc6 6. exd4 e6 7. O-O Nf6 8.
Bg5 Be7 9. Nc3 O-O 10. a3 a6 11. Rc1 b5 12. Ba2 Bb7 13. Bxf6 Bxf6 14. d5 exd5
15. Bxd5 Na5 16. b4 Bxd5 17. Nxd5 Nc4 18. Nxf6+ Qxf6 19. Qb3 Rad8 20. a4 Rfe8
21. h3 h6 22. Qc3 Qxc3 23. Rxc3 Re2 24. axb5 axb5 25. Rb1 Nd2 26. Rbc1 Nxf3+
27. Rxf3 Re4 28. Rc7 Rf8 29. Rb3 Rb8 30. Rf3 Rf8 31. Rb3 Rb8 1/2-1/2

[Event "British Columbia op"]
[Site "Richmond CAN"]
[Date "2022.02.21"]
[Round "6.10"]
[White "Tang, Edward"]
[Black "Leong, Aiden"]
[Result "0-1"]
[WhiteElo "1964"]
[BlackElo "1627"]
[PlyCount "86"]
[EventDate "2022.02.19"]
[EventType "swiss"]
[EventRounds "6"]
[EventCountry "CAN"]

1. d4 Nf6 2. c4 e6 3. g3 d5 4. Nf3 Be7 5. Bg2 dxc4 6. Qc2 O-O 7. O-O a6 8. Qxc4
b5 9. Qc2 Bb7 10. Bg5 Nbd7 11. Bxf6 Nxf6 12. Nbd2 Rc8 13. Nb3 Be4 14. Qc3 Nd7
15. Rfd1 c6 16. Ne1 Bxg2 17. Kxg2 Qb6 18. Rac1 c5 19. dxc5 Nxc5 20. Nxc5 Rxc5
21. Qf3 Rf5 22. Qe3 Bc5 23. Rxc5 Qxc5 24. Qxc5 Rxc5 25. Rd6 Ra8 26. Nd3 Rd5 27.
Rb6 Kf8 28. Rb7 Ke8 29. f4 Rad8 30. Ra7 R8d6 31. Kf3 Rb6 32. Ne5 f6 33. Nd3 Rd7
34. Ra8+ Ke7 35. b4 Rd4 36. Ra7+ Kf8 37. Ke3 Rc4 38. Ra8+ Kf7 39. Ra7+ Kg6 40.
Kd2 Rbc6 41. Nc5 Rxb4 42. Nxa6 Ra4 43. Nb8 Rd6+ 0-1

[Event "British Columbia-Alberta m"]
[Site "Salmon Arm CAN"]
[Date "2022.05.06"]
[Round "1.1"]
[White "Morozov, Grigorii"]
[Black "Ivanescu, Mark"]
[Result "1-0"]
[WhiteElo "2437"]
[BlackElo "1929"]
[PlyCount "67"]
[EventDate "2022.05.06"]
[EventType "team"]
[EventRounds "5"]
[EventCountry "CAN"]
[WhiteTeam "BC"]
[BlackTeam "AB"]

1. d4 Nf6 2. c4 g6 3. Nc3 Bg7 4. e4 d6 5. Nf3 O-O 6. Be2 e5 7. dxe5 dxe5 8.
Qxd8 Rxd8 9. Bg5 Re8 10. O-O-O c6 11. Nxe5 h6 12. Bxf6 Bxf6 13. Ng4 Bxg4 14.
Bxg4 Na6 15. f3 Rad8 16. a3 Nc5 17. Kc2 Bd4 18. Ne2 Bg7 19. b4 Na4 20. Bd7 Re7
21. Bh3 Rxd1 22. Rxd1 f5 23. Nf4 Kh7 24. exf5 g5 25. Ne6 Bf6 26. Rd7 Rxd7 27.
Nf8+ Kg7 28. Nxd7 Bd4 29. f6+ Kf7 30. c5 b6 31. Bg4 Ke8 32. Be6 Bxf6 33. Nxf6+
Ke7 34. Bb3 1-0

[Event "British Columbia-Alberta m"]
[Site "Salmon Arm CAN"]
[Date "2022.05.06"]
[Round "1.2"]
[White "Suominen, David"]
[Black "Kaufman, Raymond"]
[Result "0-1"]
[WhiteElo "1954"]
[BlackElo "2364"]
[PlyCount "36"]
[EventDate "2022.05.06"]
[EventType "team"]
[EventRounds "5"]
[EventCountry "CAN"]
[WhiteTeam "AB"]
[BlackTeam "BC"]

1. Nf3 d5 2. c4 d4 3. b4 f6 4. e3 dxe3 5. fxe3 e5 6. c5 a5 7. Bb5+ c6 8. Bc4
axb4 9. Nxe5 fxe5 10. Qh5+ g6 11. Qxe5+ Qe7 12. Qxh8 Qh4+ 13. g3 Qxc4 14. Qb2
Bg4 15. d4 Nd7 16. h3 Nxc5 17. dxc5 Bg7 18. Qd2 Bxa1 0-1

[Event "British Columbia-Alberta m"]
[Site "Salmon Arm CAN"]
[Date "2022.05.06"]
[Round "1.3"]
[White "Arruebarrena, Rafael"]
[Black "Xu, Andrew"]
[Result "1-0"]
[WhiteElo "2281"]
[BlackElo "1931"]
[PlyCount "93"]
[EventDate "2022.05.06"]
[EventType "team"]
[EventRounds "5"]
[EventCountry "CAN"]
[WhiteTeam "AB"]
[BlackTeam "BC"]

1. e4 e5 2. Nf3 Nc6 3. Bb5 a6 4. Ba4 Nf6 5. O-O Be7 6. d3 b5 7. Bb3 O-O 8. Nc3
d6 9. a3 Bg4 10. Be3 Nd4 11. Bxd4 exd4 12. Nd5 c5 13. h3 Be6 14. Nxf6+ Bxf6 15.
Bxe6 fxe6 16. Qe2 Qc7 17. e5 Bxe5 18. Nxe5 dxe5 19. Rae1 Rae8 20. Qxe5 Qxe5 21.
Rxe5 Rf5 22. Rfe1 Kf7 23. g4 Rxe5 24. Rxe5 Rc8 25. Kf1 b4 26. Ke2 bxa3 27. bxa3
Ke7 28. Rg5 g6 29. h4 Kd6 30. h5 gxh5 31. Rxh5 Rc7 32. f4 Rb7 33. Rh6 Kd5 34.
Rh5+ Kd6 35. g5 Rf7 36. Kf3 e5 37. Rh6+ Kd5 38. Rf6 Rxf6 39. gxf6 e4+ 40. dxe4+
Ke6 41. e5 h5 42. f5+ Kf7 43. Kf4 h4 44. Kg5 h3 45. e6+ Kf8 46. f7 h2 47. Kf6
1-0

[Event "British Columbia-Alberta m"]
[Site "Salmon Arm CAN"]
[Date "2022.05.06"]
[Round "1.4"]
[White "Yang, Jingyun (Ryan)"]
[Black "Vasic, Maxim"]
[Result "0-1"]
[WhiteElo "1922"]
[BlackElo "2237"]
[PlyCount "58"]
[EventDate "2022.05.06"]
[EventType "team"]
[EventRounds "5"]
[EventCountry "CAN"]
[WhiteTeam "BC"]
[BlackTeam "AB"]

1. g3 d5 2. Bg2 c6 3. Nf3 Nf6 4. d3 Bg4 5. Nbd2 Nbd7 6. h3 Bh5 7. g4 Bg6 8. Nh4
e6 9. Nxg6 hxg6 10. Nf3 Qc7 11. c3 Be7 12. Qc2 O-O-O 13. Bg5 Qa5 14. O-O Qc7
15. Qa4 a6 16. Bf4 e5 17. Bg3 Bd6 18. Ng5 Nc5 19. Qc2 e4 20. Bxd6 Rxd6 21. dxe4
dxe4 22. b4 Nxg4 23. Rfc1 e3 24. f4 Rd2 25. Qb1 Qxf4 26. Nf3 Qg3 27. Rc2 Ne4
28. Rxd2 Qf2+ 29. Kh1 Ng3# 0-1

[Event "British Columbia-Alberta m"]
[Site "Salmon Arm CAN"]
[Date "2022.05.06"]
[Round "1.5"]
[White "Haessel, Dale"]
[Black "Su, Ethan"]
[Result "1-0"]
[WhiteElo "2240"]
[BlackElo "1902"]
[PlyCount "101"]
[EventDate "2022.05.06"]
[EventType "team"]
[EventRounds "5"]
[EventCountry "CAN"]
[WhiteTeam "AB"]
[BlackTeam "BC"]

1. d4 d5 2. c4 e6 3. Nc3 Nf6 4. cxd5 exd5 5. Bg5 Be7 6. e3 c6 7. Bd3 Bg4 8.
Nge2 Nbd7 9. O-O O-O 10. f3 Bh5 11. Ng3 Bg6 12. Nf5 Re8 13. Qd2 Nb6 14. Rae1
Bxf5 15. Bxf5 Ne4 16. fxe4 Bxg5 17. e5 Qe7 18. Qf2 f6 19. h4 Bh6 20. exf6 gxf6
21. e4 dxe4 22. Rxe4 Qf7 23. Rfe1 Rxe4 24. Nxe4 Nd5 25. Nd6 Qg7 26. Be6+ Kf8
27. Nf5 Qg6 28. Bxd5 cxd5 29. Ne7 Qf7 30. Nf5 Qg6 31. Qf3 Bd2 32. Re2 Bb4 33.
a3 Ba5 34. Qxd5 Bc7 35. Qxb7 Re8 36. Rxe8+ Kxe8 37. Qc8+ Bd8 38. Qe6+ Kf8 39.
Qd7 Bb6 40. h5 Qf7 41. Qd6+ Ke8 42. Qxb6 axb6 43. Nd6+ Ke7 44. Nxf7 Kxf7 45.
Kf2 Ke6 46. Ke3 f5 47. Kf4 b5 48. b3 Kd5 49. a4 b4 50. a5 Kxd4 51. a6 1-0

[Event "British Columbia-Alberta m"]
[Site "Salmon Arm CAN"]
[Date "2022.05.06"]
[Round "1.6"]
[White "Catona, Dan"]
[Black "Villavieja, Butch"]
[Result "0-1"]
[WhiteElo "1889"]
[BlackElo "2227"]
[PlyCount "110"]
[EventDate "2022.05.06"]
[EventType "team"]
[EventRounds "5"]
[EventCountry "CAN"]
[WhiteTeam "BC"]
[BlackTeam "AB"]

1. d4 Nf6 2. e3 e6 3. Bd3 c5 4. c3 Nc6 5. f4 Qa5 6. Nf3 Be7 7. O-O d6 8. Nbd2
cxd4 9. Nc4 Qc7 10. exd4 O-O 11. Ng5 h6 12. Nf3 Re8 13. Bd2 Nd5 14. Qc2 Bf6 15.
Rae1 Bd7 16. Bh7+ Kf8 17. Bd3 Nce7 18. Ng5 Nf5 19. g4 hxg5 20. fxg5 Bxd4+ 21.
cxd4 Nxd4 22. Qd1 Qc5 23. b4 Nxb4 24. Bxb4 Qxb4 25. g6 f6 26. g5 Qc5 27. Qh5
Ke7 28. gxf6+ gxf6 29. Qxc5 dxc5 30. Re3 Rh8 31. g7 Rh5 32. Rg3 Rg8 33. Rg6
Rg5+ 34. Rxg5 fxg5 35. Ne5 Rxg7 36. Ng6+ Kd6 37. Rf6 Be8 38. Nf8 Rf7 39. Rxf7
Bxf7 40. Nh7 g4 41. Nf6 Nf3+ 42. Kf2 Ne5 43. Be2 Ke7 44. Nxg4 Nxg4+ 45. Bxg4 b5
46. Ke3 b4 47. Bd1 e5 48. Bb3 c4 49. Bc2 Kf6 50. h4 a5 51. Kd2 Be8 52. Kc1 a4
53. Kb2 a3+ 54. Kc1 Bf7 55. Bb1 Bg6 0-1

[Event "British Columbia-Alberta m"]
[Site "Salmon Arm CAN"]
[Date "2022.05.06"]
[Round "1.12"]
[White "Ivanescu, Cristian"]
[Black "Wu, Nathan"]
[Result "1-0"]
[WhiteElo "1803"]
[BlackElo "1976"]
[PlyCount "100"]
[EventDate "2022.05.06"]
[EventType "team"]
[EventRounds "5"]
[EventCountry "CAN"]
[WhiteTeam "AB"]
[BlackTeam "BC"]

1. d4 d5 2. Bf4 c5 3. e4 dxe4 4. d5 Nf6 5. c4 e6 6. Nc3 a6 7. f3 exf3 8. Nxf3
exd5 9. cxd5 g6 10. a4 Bg7 11. Bc4 O-O 12. O-O Bg4 13. Qb3 b6 14. Ne5 Re8 15.
Nxg4 Nxg4 16. d6 Bd4+ 17. Kh1 Ra7 18. Bg3 Rf8 19. Nd5 Nc6 20. Nc7 Qd7 21. Bxa6
Nge5 22. Be2 Rb7 23. Nb5 Kg7 24. Bh4 f5 25. Rae1 Qf7 26. Qc2 Rd7 27. Bg3 Qf6
28. b3 Nf7 29. Bf3 Nce5 30. Qe2 f4 31. Bd5 g5 32. Nxd4 cxd4 33. Bxf7 Nxf7 34.
Qg4 Rxd6 35. Bxf4 Nh6 36. Qg3 Rd5 37. Kg1 Nf5 38. Qf3 gxf4 39. Qxd5 Ne3 40. Qe4
Nxf1 41. Rxf1 Rf7 42. h3 Qd6 43. Rf3 Rf6 44. Rd3 Re6 45. Qxd4+ Qxd4+ 46. Rxd4
Re3 47. Rb4 Re6 48. Rxf4 Kg6 49. Kf2 Kg5 50. g3 Rc6 1-0

[Event "British Columbia-Alberta m"]
[Site "Salmon Arm CAN"]
[Date "2022.05.06"]
[Round "1.13"]
[White "Jiang, Kate"]
[Black "Funk, Andrew"]
[Result "1-0"]
[WhiteElo "1961"]
[BlackElo "1679"]
[PlyCount "127"]
[EventDate "2022.05.06"]
[EventType "team"]
[EventRounds "5"]
[EventCountry "CAN"]
[WhiteTeam "BC"]
[BlackTeam "AB"]

1. e4 c5 2. c3 d5 3. exd5 Nf6 4. Nf3 Qxd5 5. d4 Bg4 6. Be2 cxd4 7. cxd4 e6 8.
O-O Nc6 9. Nc3 Qd8 10. Be3 Be7 11. Qb3 Rb8 12. Rfd1 O-O 13. h3 Bh5 14. d5 Na5
15. Qb5 a6 16. Qb6 exd5 17. Qxd8 Bxd8 18. Nxd5 b5 19. Nf4 Nc4 20. Nxh5 Nxh5 21.
Bd4 Re8 22. Bxc4 bxc4 23. Ne5 Nf4 24. Kf1 Ne6 25. Bc3 Rc8 26. Rac1 Bf6 27. Nf3
Be7 28. Ba5 Bf6 29. Bc3 Be7 30. Be5 Ng5 31. Nd2 Red8 32. Ke2 f6 33. Bf4 Ne6 34.
Be3 Nd4+ 35. Ke1 Bb4 36. a3 Ba5 37. b4 c3 38. Ne4 Bb6 39. Nxc3 Re8 40. Kf1 Nb3
41. Bxb6 Nxc1 42. Rxc1 Kf7 43. Ne2 Rxc1+ 44. Nxc1 Ke6 45. Ke2 Kd5+ 46. Kd2 Kc4
47. Kc2 Re6 48. Ba5 Re8 49. Bb6 Re6 50. Be3 Re8 51. Nd3 a5 52. bxa5 Ra8 53. Bb6
Kb5 54. Kb3 Ka6 55. Kb4 Kb7 56. Kb5 Re8 57. Nc5+ Ka8 58. Ka6 Re7 59. Kb5 Re2
60. a6 Rxf2 61. Ne6 Rb2+ 62. Kc6 Rc2+ 63. Bc5 Kb8 64. a7+ 1-0

[Event "British Columbia-Alberta m"]
[Site "Salmon Arm CAN"]
[Date "2022.05.07"]
[Round "2.1"]
[White "Tolentino, Patrick Angelo"]
[Black "Morozov, Grigorii"]
[Result "0-1"]
[WhiteElo "2154"]
[BlackElo "2437"]
[PlyCount "44"]
[EventDate "2022.05.06"]
[EventType "team"]
[EventRounds "5"]
[EventCountry "CAN"]
[WhiteTeam "AB"]
[BlackTeam "BC"]

1. e4 e6 2. d4 d5 3. Nc3 Bb4 4. exd5 exd5 5. Bd3 Ne7 6. Nf3 Bf5 7. O-O O-O 8.
Ne2 c6 9. c3 Bd6 10. Bf4 Qc7 11. Bxd6 Qxd6 12. Ng3 Bxd3 13. Qxd3 Nd7 14. Rfe1
Ng6 15. Nf5 Qf6 16. g3 Rae8 17. Kg2 Re6 18. h4 Rfe8 19. Re3 Re4 20. Ng5 Qxf5
21. f3 Qxg5 22. fxe4 Nxh4+ 0-1